Detalles MARC
| 000 -LEADER |
| fixed length control field |
02114nam a2200445Ii 4500 |
| 001 - CONTROL NUMBER |
| control field |
DIGMECD0107 |
| 003 - CONTROL NUMBER IDENTIFIER |
| control field |
NyNyDIG |
| 006 - FIXED-LENGTH DATA ELEMENTS--ADDITIONAL MATERIAL CHARACTERISTICS |
| fixed length control field |
m o d |
| 007 - PHYSICAL DESCRIPTION FIXED FIELD--GENERAL INFORMATION |
| fixed length control field |
cr ||||||||||| |
| 008 - FIXED-LENGTH DATA ELEMENTS--GENERAL INFORMATION |
| fixed length control field |
220417s2010 sp a o 000 0 spa d |
| 035 ## - SYSTEM CONTROL NUMBER |
| System control number |
(OCoLC)811372103 |
| 040 ## - CATALOGING SOURCE |
| Original cataloging agency |
DGITA |
| Language of cataloging |
eng |
| Description conventions |
rda |
| -- |
pn |
| Transcribing agency |
DGITA |
| 020 ## - INTERNATIONAL STANDARD BOOK NUMBER |
| International Standard Book Number |
9788436952704 |
| Qualifying information |
eBook |
| -- |
ePdf |
| 020 ## - INTERNATIONAL STANDARD BOOK NUMBER |
| Canceled/invalid ISBN |
9788436949285 |
| Qualifying information |
papel |
| 024 7# - OTHER STANDARD IDENTIFIER |
| Canceled/invalid standard number or code |
820-10-304-5 |
| Source of number or code |
nipo |
| 050 14 - LIBRARY OF CONGRESS CALL NUMBER |
| Classification number |
Q181.3 ebook |
| 082 04 - DEWEY DECIMAL CLASSIFICATION NUMBER |
| Classification number |
507.1 |
| 100 1# - MAIN ENTRY--PERSONAL NAME |
| Personal name |
Escudero Escorza, Tomás, |
| Relator term |
author. |
| 245 10 - TITLE STATEMENT |
| Title |
Actividades didácticas en las aulas y en los centros y rendimiento y actitud ante la ciencia en el informe Pisa 2006 : |
| Remainder of title |
memoria-informe final / |
| Statement of responsibility, etc. |
Tomás Escudero Escorza, Concepción Bueno García. |
| 264 #1 - PRODUCTION, PUBLICATION, DISTRIBUTION, MANUFACTURE, AND COPYRIGHT NOTICE |
| Place of production, publication, distribution, manufacture |
[Madrid, España] : |
| Name of producer, publisher, distributor, manufacturer |
Ministerio de Educación ; |
| Place of production, publication, distribution, manufacture |
Zaragoza : |
| Name of producer, publisher, distributor, manufacturer |
Universidad de Zaragoza, |
| Date of production, publication, distribution, manufacture, or copyright notice |
2010. |
| 300 ## - PHYSICAL DESCRIPTION |
| Extent |
1 online resource : |
| Other physical details |
illustrations. |
| 336 ## - CONTENT TYPE |
| Content type term |
text |
| Content type code |
txt |
| Source |
rdacontent |
| 337 ## - MEDIA TYPE |
| Media type term |
computer |
| Media type code |
c |
| Source |
rdamedia |
| 338 ## - CARRIER TYPE |
| Carrier type term |
online resource |
| Carrier type code |
cr |
| Source |
rdacarrier |
| 347 ## - DIGITAL FILE CHARACTERISTICS |
| File type |
text file |
| Source |
rdaft |
| 347 ## - DIGITAL FILE CHARACTERISTICS |
| Encoding format |
PDF |
| 490 1# - SERIES STATEMENT |
| Series statement |
Colección Estudios e informes |
| 500 ## - GENERAL NOTE |
| General note |
" Proyecto auspiciado y financiado por el Ministerio de Educación". |
| 588 0# - SOURCE OF DESCRIPTION NOTE |
| Source of description note |
Online resource; title from PDF title page (Digitalia, viewed April 17, 2022) |
| 650 #0 - SUBJECT ADDED ENTRY--TOPICAL TERM |
| Topical term or geographic name entry element |
Science |
| General subdivision |
Study and teaching. |
| 655 #0 - INDEX TERM--GENRE/FORM |
| Genre/form data or focus term |
Electronic books. |
| 700 1# - ADDED ENTRY--PERSONAL NAME |
| Personal name |
Bueno García, Concepción, |
| Relator term |
author. |
| 791 2# - |
| -- |
Digitalia (Firm), |
| -- |
distributor. |
| 793 0# - |
| -- |
Digitalia eBook Collection: |
| -- |
Ministerio de Educación, Cultura y Deporte de España |
| 776 08 - ADDITIONAL PHYSICAL FORM ENTRY |
| Relationship information |
Print version: |
| Main entry heading |
Escudero Escorza, Tomás. |
| Title |
Actividades didácticas en las aulas y en los centros y rendimiento y actitud ante la ciencia en el informe Pisa 2006. |
| Place, publisher, and date of publication |
[Madrid, España] : Ministerio de Educación ; Zaragoza : Universidad de Zaragoza, 2010 |
| International Standard Book Number |
9788436949285 |
| 830 #0 - SERIES ADDED ENTRY--UNIFORM TITLE |
| Uniform title |
Estudios e informes (Instituto de Formación del Profesorado, Investigación e Innovación Educativa, IFIIE) |
| 856 40 - ELECTRONIC LOCATION AND ACCESS |
| Materials specified |
Digitalia Hispánica |
| Uniform Resource Identifier |
<a href="https://www.digitaliapublishing.com/a/17732/">https://www.digitaliapublishing.com/a/17732/</a> |
| 910 ## - USER-OPTION DATA (OCLC) |
| User-option data |
Premium collection: 2022 |
| 942 ## - ADDED ENTRY ELEMENTS (KOHA) |
| Koha item type |
Recurso Electrónico |